General Secretaries of the Chinese Communist Party - Statistics

General Stats
  • This quiz has been taken 21 times
  • The average score is 6 of 11
Answer Stats
Picture Hint Answer % Correct
1943-1976 Mao Zedong
100%
2002-2012 Hu Jintao
76%
2012- Xi Jinping
76%
1989-2002 Jiang Zemin
59%
1976-1981 Hua Guofeng
53%
1981-1987 Hu Yaobang
47%
1921-1928 Chen Duxiu
41%
1987-1989 Zhao Ziyang
41%
1931-1935 Bo Gu
35%
1928-1931 Xiang Zhongfa
18%
1935-1943 Zhang Wentian
18%
No matching quizzes found
Score Distribution
Percent of People with Each Score
Percentile by Number Answered
Your Score History
You have not taken this quiz